000 00875nam a2200241Ia 4500
003 GCL
008 140319s9999 xx 000 0 ara d
040 _aGCL /
_cGCL
082 0 4 _a621.38028
_bف ت
100 1 _aفاروق سيد حسين
245 1 0 _aالتلكس والتلى تكس والتلبرنتر /
_cفاروق سيد حسين
260 _a[S.N] :
_bدار الراتب الجامعية
300 _a149 ص
490 _aسلسلة عالم الاتصالات والاجهزة الالكتروني
_v0
650 0 4 _aالهندسة الالكترونية
650 0 4 _aالاجهزة الالكترونية
650 0 4 _aالاتصالات السلكية واللاسلكية
650 0 4 _aالتليفون
650 0 4 _aالتلكس
650 0 4 _aالاتصالات الالكترونية
650 0 4 _aالالكترونيات
942 _2ddc
_cBK
999 _c55399
_d55399